| 000 | 00549nam a22001577a 4500 | ||
|---|---|---|---|
| 020 | _a9788131710265 | ||
| 040 | _cNUST | ||
| 082 | _a004.16 MAZ | ||
| 100 |
_aMazidi, Muhammad Ali _918480 |
||
| 110 |
_aMazidi, Janice Gillispie McKinlay, Rolin D. _9112892 |
||
| 245 |
_aThe 8051 Microcontroller and Embedded Systems: _bUsing Assembly and C |
||
| 250 | _a2nd Edition | ||
| 260 |
_aNew Dehli: _bPearson Education, _c2013. |
||
| 650 |
_aTEXTBOOKS MTS. THE 8051 MICROCONTROLLER AND EMBEDDED SYSTEMS USING ASSEMBLY AND C _9113104 |
||
| 942 |
_2ddc _cTEXT |
||
| 999 |
_c594886 _d594886 |
||